[Event "FIDE World Cup"]
[Site "Khanty-Mansiysk"]
[Date "2007.12.03"]
[Round "4.1"]
[White "Carlsen, Magnus"]
[Black "Adams, Michael"]
[Result "1-0"]
[WhiteElo "2714"]
[BlackElo "2729"]
[Annotator "Rogozenco,Dorian"]
[PlyCount "153"]
[EventDate "2007.11.24"]
[EventType "k.o."]
[EventRounds "7"]
[EventCountry "RUS"]
[SourceTitle "CBM 122"]
[Source "ChessBase"]
[SourceDate "2008.01.30"]
[SourceVersion "1"]
[SourceVersionDate "2008.01.30"]
[SourceQuality "1"]

1. d4 Nf6 2. c4 e6 3. Nc3 Bb4 4. Qc2 d5 5. a3 Bxc3+ 6. Qxc3 dxc4 ({Another variation that becomes more and more popular lately is} 6... c5) ({Adams usually prefered the main} 6... Ne4) 7. Qxc4 b6 {Nigel Short's idea. Black tries to use the exposed position of the white queen.} 8. Bf4 {The most principled answer.} (8. Nf3) 8... Ba6 ({Earlier this year Carlsen achieved advantage in a blitz game against Onischuk after} 8... Nd5 9. Bg3 Ba6 10. Qa4+ Qd7 11. Qc2 Qb5 12. Nf3 Nc6 13. Rc1 Nde7 14. b4 Qh5 15. Qa4 Bb5 16. Qb3 Qd5 17. Qxd5 exd5 18. e3 Bxf1 19. Kxf1 Rc8 20. Ke2 {½-½ Carlsen,M (2710)-Onischuk,A (2650)/Biel (blitz) 2007 (54)}) 9. Qxc7 Qxc7 10. Bxc7 {Black has compensation for the pawn thanks to the lead in development. However, the present game reminds that the development advantage is a temporary factor and can easily disappear.} O-O {With this novelty Black keeps the possibility to develop the knight either on d7 or c6. However, Adams failed to show the advantages of the knight on d7.} ({Short played} 10... Nc6 11. Nf3 Rc8 12. Be5 ({The critical variation seems to be} 12. Bf4 Na5 13. b4) 12... Nxe5 13. dxe5 Nd7 14. b4 Bb7 15. e3 Bxf3 16. gxf3 Nxe5 17. Bb5+ Ke7 18. f4 Nd7 {and Black soon achieved a draw in Baburin,A (2590)-Short,N (2670)/Port Erin 1998.}) 11. Nf3 Rc8 12. Bf4 Nbd7 ({Another way to look for compensation is} 12... Nc6 13. e3 Bxf1 14. Rxf1 Na5) 13. Nd2 {The begin of an impressive maneuver.} Rc2 ({Deserves attention to chase away the bishop from the diagonal c1-h6:} 13... Nd5 14. Bg3 Rc2 15. Rb1 Rac8 16. Kd1 f5 {although after} 17. e3 Bxf1 18. Rxf1 {White will most likely find a way to coordinate his pieces and keep the extra pawn (appart from e2-d3, followed by b3 and fc1, White also has e1-e2, or in some cases even b3 and c1, using the pin on the c-file).}) 14. Rb1 Rac8 $146 {Adams achieved a visible activity, but Carlsen finds a strong defensive plan: the knight goes to a1 in order to control square c2.} ({RR} 14... Nd5 15. Bg3 Rac8 16. Kd1 f5 17. e3 Bxf1 18. Rxf1 N7f6 19. Re1 Kf7 20. f3 g5 21. Bf2 h5 22. Re2 Kg6 23. Nb3 Rxe2 24. Kxe2 Rc2+ 25. Nd2 Nd7 26. Kd3 Rc8 27. Nb3 e5 28. Rc1 Rd8 29. Ke2 {Neuman,P (2471)-Falout,L (2130) Czech Republic 2012 1-0 (33)}) 15. Nb3 $1 Bc4 (15... Nd5 16. Bd2 N7f6 17. f3 $16 {[%cal Gb3a1]}) 16. Na1 $1 Ba2 17. Nxc2 Bxb1 18. Na1 Nd5 19. Bd2 {A rare case when White can be proud having a knight in the corner. Indeed, it controls the vital square c2 and cannot be disturbed there. The bishop controls square c1, so in fact the yound Norvegian is just a healthy pawn up. White's position contains no weaknesses and he will soon complete development.} e5 20. e3 $1 ({Stronger than} 20. dxe5 Nxe5 21. e3 Bd3 (21... Nd3+ 22. Bxd3 Bxd3 23. f3 $16)) 20... exd4 21. exd4 Nb8 (21... Re8+ 22. Kd1 $16) (21... Nf8 22. Ba6 Re8+ 23. Kd1 Ne6 24. Re1 Ndc7 $14 {/}) 22. f3 Nc6 23. Bc4 Rd8 24. Kf2 Bf5 25. Nb3 {White has everything protected and the game enters in the phase of converting the extra pawn. This is not a trivial task, though, since the isolated d-pawn is blockaded and it is difficult for White to find targets for attack.} Be6 26. Rc1 f6 27. a4 $1 {Now Black faces an unpleasant choice. Allowing the further advance of the a-pawn will open files for white pieces. Adams chooses to blockade it, but then the b-pawn remains weak.} a5 28. Bc3 Bf7 29. Nd2 Nde7 30. Bf1 $5 {Carlsen decides to give up the d4-pawn in order to open the position, where his bishop pair together with the weakness of pawn b6 will secure the advantage.} ({White could have kept the extra pawn with} 30. Rd1 $16 Nxd4 $140 $6 31. Bxf7+ Kxf7 32. Nc4 Nec6 33. Nxb6 $18) 30... Nxd4 31. Re1 Ndc6 32. Nc4 Nd5 33. Rb1 Kf8 (33... Nxc3 34. bxc3 $16 {[%csl Rb6]}) 34. Be1 Ke7 (34... Ncb4 35. Rd1 (35. Kg1 $5 Re8 36. Bf2 Re6 37. Rd1 $14) 35... Nc2 36. Bd2 $14 (36. Nxb6 $6 Nxe1 37. Nxd5 Nxg2 $11)) 35. Kg1 $1 {Again Carlsen finds a powerful way to improve the position.} Nb8 36. Bf2 Nd7 37. Re1+ Kf8 38. Rd1 Ke7 39. Re1+ Kf8 40. Nd6 Ne5 (40... Nc5 41. Nxf7 Kxf7 42. Bxc5 ({or} 42. Bb5 $14 {/}) 42... bxc5 43. Bc4 Rd7 44. Rd1 Ke6 45. f4 g5 46. g3 $16) 41. Nxf7 Kxf7 $16 42. Rd1 {The bishops are much stronger than the knights and in spite of material eqiality White has a clear advantage.} Ke7 43. f4 (43. Ba6 $16) 43... Ng4 (43... Nxf4 44. Rxd8 Kxd8 45. Bxb6+ $18) 44. Re1+ Kf8 45. Bd4 Rd6 ({Again taking on f4 loses:} 45... Nxf4 46. Bxb6 Rd5 47. b4 $1 axb4 48. a5 {and the knights can't fight against the marginal passed pawn.}) 46. h3 Nh6 ({Here} 46... Nxf4 {was worth a try, at the same time containing a trap.} 47. Re4 ({After} 47. Rd1 $2 {(threatening 48.c5) Black has a strong answer} Ke7 $1 {which is also the only defense} (47... Ne6 48. Bc5 $18) (47... Ke8 48. hxg4 Ne6 49. Re1 $18) 48. hxg4 Ne6 {and it is White who must look for escape}) 47... Ne6 48. Rxe6 Rxe6 49. hxg4 $16 {White is clearly better, but winning it might be a difficult task.}) 47. Rd1 $1 Nf5 (47... Nxf4 $2 48. Bc5 $18) 48. Bf2 Ke7 (48... Nxf4 49. Rxd6 Nxd6 50. Bxb6 $16) 49. g4 Nh6 50. f5 Nf7 51. Bg2 Nf4 52. Rxd6 Nxd6 53. Bxb6 {In spite of Adams' efforts the inevitable happened. Now the extra pawn secures a technical win.} Nc4 54. Bc5+ Kd7 55. Bf1 ({Even stronger is} 55. b3 Nxg2 (55... Nd2 56. Be3 Nxg2 57. Bxd2 $18) 56. Kxg2 Nd2 57. b4 $18) 55... Nxb2 56. Bb5+ Kd8 ({More stubborn is} 56... Kc7 {although after} 57. Bf8 ({or} 57. h4 {[%cal Gc5f8]}) 57... g6 58. fxg6 hxg6 59. h4 {Black's position is difficult anyway}) 57. Bb6+ Ke7 58. Kh2 $18 Nd5 59. Bxa5 Kd6 60. Bd2 Kc5 61. Kg3 Nc7 62. Be3+ Kb4 63. Bd2+ Kc5 64. Bc1 Nc4 65. Bxc4 Kxc4 66. Bd2 Na6 67. a5 Kb5 68. Kf3 Nc5 69. Bc3 h6 70. Ke3 Kc4 71. Bd4 Na6 72. Ke4 Nb4 73. h4 Kb5 74. Bc3 Na6 75. Kd5 Nc5 76. Bd4 Nd3 77. Ke6 1-0

[Event "London Classic 3rd"]
[Site "London"]
[Date "2011.12.10"]
[Round "7"]
[White "Carlsen, Magnus"]
[Black "Adams, Michael"]
[Result "1-0"]
[WhiteElo "2826"]
[BlackElo "2734"]
[Annotator "RR"]
[PlyCount "75"]
[EventDate "2011.12.03"]
[EventType "tourn"]
[EventRounds "9"]
[EventCountry "ENG"]
[EventCategory "20"]
[SourceTitle "CBM 146"]
[Source "ChessBase"]
[SourceDate "2012.01.18"]
[SourceVersion "1"]
[SourceVersionDate "2012.01.18"]
[SourceQuality "1"]

1. d4 {ChessBase II} Nf6 2. c4 e6 3. Nc3 Bb4 4. Nf3 b6 5. Qc2 Bb7 6. a3 Bxc3+ 7. Qxc3 d5 ({RR} 7... O-O 8. Bg5 d6 9. Nd2 Nbd7 10. e3 c5 11. dxc5 Nxc5 12. b4 Ncd7 13. f3 Rc8 14. Be2 Ne5 15. Qb2 Ng6 16. Rc1 h6 17. Bxf6 Qxf6 18. Qxf6 gxf6 19. Kf2 Rfd8 20. Rhd1 Bc6 21. Nb1 Kf8 22. Nc3) 8. cxd5 ({RR} 8. e3 O-O 9. b4 c5 10. dxc5 Ne4 11. Qc2 bxc5 12. cxd5 exd5 13. bxc5 Nd7 14. Be2 Rc8 15. O-O Rxc5 16. Qb2 Qc7 17. Qd4 Nc3 18. Bd3 Re8 19. Bb2 Re4 20. Bxc3 Rxd4 21. Bxd4 Ra5 22. Rfc1 Qd6 {Wojtaszek,R (2700)-Shirov,A (2700) Loo 2013 ½-½ (71)}) ({RR} 8. g3 dxc4 9. Qxc4 O-O 10. Bg2 a5 11. O-O a4 12. Bf4 Bd5 13. Qxc7 Nc6 14. Qxd8 Rfxd8 15. Bc7 Rdc8 16. Bxb6 Rab8 17. Bc5 Rxb2 18. e3 Rcb8 19. Ne1 Bxg2 20. Kxg2 Nd5 21. Kf3 R8b3 22. Rc1 f5 {Kim,S (2295)-Purtseladze,M (2261) chess.com INT 2024 0-1 (49)}) 8... Qxd5 9. e3 $146 ({RR} 9. Qxc7 Nbd7 10. Qc2 O-O ({RR} 10... O-O 11. e3 e5 12. Be2 exd4 13. exd4 Rac8 14. Qd3 Qd6 15. O-O Rfe8 16. h3 Be4 17. Qb5 Bc6 18. Qd3 Be4 19. Qb5 Bc6 20. Qd3 Be4) 11. e3 e5 12. Be2 exd4 13. exd4 Rac8 14. Qd3 Qd6 15. O-O Rfe8 16. h3 Be4 17. Qb5 Bc6 18. Qd3 Be4 19. Qb5 Bc6 20. Qd3 Be4 {½-½ (20) Kacheishvili,G (2598)-Adams,M (2728) Wheeling 2012}) ({RR} 9. Qxc7 Nbd7 10. Qc2 Rc8 11. Qd3 Qh5 12. g3 O-O 13. Bg2 e5 14. Qd1 e4 15. Nd2 Ba6 ({RR} 15... e3 16. Bxb7 exd2+ 17. Bxd2) 16. Nxe4 Nxe4 17. Bxe4 Rfe8 18. Bd3 Nf6 19. Bxa6 Qa5+ 20. Bd2 Qxa6 21. e3 Qb5 22. Rb1 Ne4 23. Qe2 Qb3 {Maiorov,N (2531)-Gedajlovic,M (2324) Vaujany 2017 EXT 2020 [ChessBase II] 1-0 (44)}) 9... Nbd7 10. b4 O-O 11. Bb2 a5 12. Bd3 axb4 13. axb4 Rxa1+ 14. Bxa1 Qa2 15. O-O Nd5 16. Qe1 c5 17. dxc5 bxc5 18. b5 Ra8 19. Qc1 h6 20. h3 Qa3 21. Qd2 Qb4 22. Qc2 Qa4 23. Qb2 f6 24. Rc1 Nb4 25. Be2 Bxf3 26. gxf3 Nd5 27. f4 N7b6 28. Bg4 Kf7 29. Qb1 Qa3 30. Rd1 f5 31. Bf3 Ra4 32. Be5 Qb4 33. Qd3 Ra3 34. Qf1 g6 35. h4 Nc4 $2 (35... Rb3 36. h5 g5 $16) 36. Rxd5 $18 Nxe5 37. Rxe5 Qc3 38. Kg2 1-0

[Event "Baku FIDE GP"]
[Site "Baku"]
[Date "2008.05.04"]
[Round "12"]
[White "Carlsen, Magnus"]
[Black "Adams, Michael"]
[Result "1-0"]
[WhiteElo "2765"]
[BlackElo "2729"]
[Annotator "Ftacnik,Lubomir"]
[PlyCount "111"]
[EventDate "2008.04.21"]
[EventType "tourn"]
[EventRounds "13"]
[EventCountry "AZE"]
[EventCategory "19"]
[SourceTitle "CBM 124"]
[Source "ChessBase"]
[SourceDate "2008.05.28"]
[SourceVersion "1"]
[SourceVersionDate "2008.05.28"]
[SourceQuality "1"]

1. d4 Nf6 2. c4 e6 3. Nc3 Bb4 4. Qc2 d5 5. a3 Bxc3+ 6. Qxc3 Ne4 7. Qc2 c5 8. dxc5 Nc6 9. cxd5 exd5 10. e3 Qa5+ {Very modern opening with early imbalance. Black is ahead in development, but should he wait White would develop his pieces and use two mighty bishops.} (10... Bf5 11. Bd3 Ne5 (11... Qg5 12. f3 Qh4+ 13. Kf1 Ng3+ 14. hxg3 Bxd3+ 15. Qxd3 Qxh1 16. b4 O-O 17. Bb2 Rfe8 18. Kf2 Qh6 19. Ne2 Ne5 {1/2 Kasimdzhanov,R (2683)-Aronian,L (2750)/Mainz 2007 (35)}) 12. Nf3 Nxd3+ 13. Qxd3 Ng3 14. Qb5+ (14. e4 Nxe4 15. O-O O-O 16. Qd4 Qf6 17. Qxf6 Nxf6 18. Nd4 Bg6 19. Bf4 Rfe8 20. f3 Nd7 21. Bd6 $14 {1/2 Kasimdzhanov,R (2682)-Asrian,K (2634)/France 2007 (44)}) 14... Bd7 15. Qxb7 Nxh1 16. c6 Be6 17. c7 Qc8 18. Qc6+ Bd7 19. Qd6 a5 20. Bd2 Ra6 21. Qe5+ Kf8 22. Rc1 f6 23. Qxd5 $16 {1/2 Morozevich,A (2755)-Adams,M (2729)/Moscow 2007 (51)}) (10... Qf6 11. f3 Qh4+ 12. g3 Nxg3 13. Qf2 Nf5 14. Qxh4 Nxh4 15. b4 a6 16. Kf2 Ne5 17. Bb2 f6 18. Rd1 Be6 19. Ne2 Bf7 20. Rg1 Nc4 21. Bc1 $16 {1-0 Carlsen,M (2733)-Polgar,J (2707)/Wijk aan Zee 2008 (52)}) 11. b4 $5 Nxb4 12. axb4 Qxa1 13. Bb5+ Kf8 14. Ne2 a6 15. Bd3 Bd7 16. f3 Ba4 17. Qb2 Qxb2 18. Bxb2 Ng5 19. Nd4 {The very first move deviating from the games of Kasimdzhanov. White plays with compensation for the exchange, but no advantage.} (19. Kd2 Rc8 20. Ra1 Bd7 21. Nf4 Bc6 22. Bf5 Re8 23. Ne2 Ne6 24. h4 h5 25. Be5 Rh6 26. Bd6+ Kg8 27. Bd3 {1/2 Kasimdzhanov,R (2690)-Karpov,A (2670)/Moscow 2007 (31)}) 19... Bd7 $146 (19... Ne6 20. Nf5 Bb5 (20... a5 21. b5 Nxc5 22. Bxg7+ Ke8 23. Bxh8 Nxd3+ 24. Kd2 Kd7 $11) 21. Ke2 Bxd3+ 22. Kxd3 f6 $15) ({RR} 19... Ne6 20. Nf5 Bb5 21. Kd2 Bxd3 22. Kxd3 f6 23. Ra1 Nc7 24. g4 Nb5 25. g5 Kf7 26. gxf6 gxf6 27. Rg1 Ke6 28. Ng7+ Kf7 29. Nf5 Ke6 30. Ng7+ Kf7 31. Nf5 Ke6 {½-½ (31) Balazs,G (2352)-Ragger,A (2158) Pula 2010}) 20. Kf2 (20. Nf5 Bxf5 21. Bxf5 Ne6 22. Kf2 Ke7 $15) 20... f6 21. Ra1 Ke7 22. Bc2 $1 {Carlsen is a fighter and he hopes for more than just equalizing lines.} (22. h4 Nf7 23. e4 Ne5 24. Bc2 dxe4 25. Bxe4 Nc6) (22. Re1 $11) 22... Rhd8 (22... Nf7 23. Bb3 Bc6 24. Nf5+ Kf8 25. f4 $36) (22... g6 23. Re1 Ne6 24. e4 $14) 23. h4 Nf7 (23... Ne6 24. Nf5+ Kf8 25. Nd6 Rdb8 $13) 24. Bxh7 Rh8 25. Bc2 Rxh4 26. Bb3 (26. e4 dxe4 27. Bxe4 Rb8) (26. b5 Ne5 (26... Rxd4 27. exd4 Bxb5 28. Re1+ Kf8 $11) 27. Bc3 g5 $15) 26... Rh5 $2 {[%mdl 2048] Adams shows the ambition of his own, but it comes at the wrong moment and displaces the rook.} (26... Ne5 $1 27. Bc3 (27. Rd1 a5 $15) 27... Nc6 28. Bxd5 Nxd4 29. exd4 Bc6 30. Re1+ Kf8 31. Bb3 Rd8 32. d5 Bxd5 33. Rd1 Bxb3 34. Rxd8+ Ke7 $11) 27. Ne2 $1 Bc6 (27... Rah8 28. Nf4 R5h6 29. Nxd5+ Kf8 30. Nb6 Bc6 31. Rd1 Rh1 32. Rd2 $36) 28. Nf4 Rg5 29. b5 $1 Bxb5 30. Nxd5+ Kf8 (30... Kd8 31. Nb6 Rb8 32. Bxf7 $18) (30... Rxd5 31. Bxd5 Rd8 32. e4 Bc6 33. Ba3 $14) 31. Nc7 Rd8 32. Ne6+ Ke8 $2 {For a bit mysterious reasons Adams makes a big step in the wrong direction, the natural e7 was much better.} (32... Ke7 33. Nxd8 Nxd8 34. g4 $14) 33. Bd4 Bd7 34. Nxd8 Nxd8 35. Rh1 Ke7 {The defender admitts his mistake, but it is too late.} (35... Ne6 36. f4 Rf5 37. Bxe6 Bxe6 38. Rh8+ Kd7 39. g4 Rd5 40. f5 Bf7 41. Rf8 Be8 42. Rg8 $16) 36. e4 (36. f4 Rg6 37. Bd5 Rh6 $14) 36... Ne6 37. Be3 Re5 38. Rh7 (38. Bd5 Bc6 39. f4 Bxd5 40. fxe5 Bxe4 41. exf6+ gxf6 $16) 38... Kf8 39. Bc2 Bc6 (39... Nxc5 40. f4 Nxe4+ 41. Kf3 $16) 40. f4 Bxe4 $6 {The tempting move in the fight for the best survival chances, objectively better was to take with the rook.} (40... Rxe4 41. Bxe4 Bxe4 42. Rh8+ Kf7 43. g4 $16) 41. Rh8+ Ke7 42. Rb8 $1 (42. fxe5 Bxc2 43. exf6+ gxf6 44. Rb8 Be4 $16) 42... Nd8 43. fxe5 Bxc2 44. exf6+ gxf6 45. Bd4 f5 46. Be3 $1 {Carlsen plays with technique, that is truly exceptional for such a young player. White's position is already winning.} (46. Bf6+ Kxf6 47. Rxd8 Ke5 48. g3 Be4 $16) 46... Kd7 47. Bg5 Ne6 48. Rxb7+ Kc8 (48... Kc6 49. Rb6+ Kd5 50. Rd6+ Ke5 51. Rd2 $18) 49. Rb2 Be4 50. Be7 $1 (50. Be3 f4 51. Bd4 $16) 50... Nf4 51. Ra2 $1 Kd7 (51... Kb7 52. g3 $18) (51... Nd3+ 52. Kg3 Kb7 53. Bd6 $18) 52. Bd6 Nxg2 53. Rxa6 {With minimal number of pawns White will win due to the better coordination of his pieces.} f4 54. Ra4 Bc6 55. Ra7+ Ke6 56. Ra6 1-0

[Event "London Classic"]
[Site "London"]
[Date "2009.12.14"]
[Round "6"]
[White "Carlsen, Magnus"]
[Black "Adams, Michael"]
[Result "1/2-1/2"]
[WhiteElo "2801"]
[BlackElo "2698"]
[Annotator "Krasenkow,Michal"]
[PlyCount "122"]
[EventDate "2009.12.08"]
[EventType "tourn"]
[EventRounds "7"]
[EventCountry "ENG"]
[EventCategory "18"]
[SourceTitle "CBM 134"]
[Source "ChessBase"]
[SourceDate "2010.01.18"]
[SourceVersion "1"]
[SourceVersionDate "2010.01.18"]
[SourceQuality "1"]

1. d4 Nf6 2. c4 e6 3. Nc3 Bb4 4. e3 O-O 5. Nge2 d5 6. cxd5 exd5 7. g3 Re8 8. Bg2 Bf8 ({The immediate} 8... c6 {is more popular here.}) ({RR} 8... a5 9. O-O Na6 10. Nf4 c6 11. f3 Nc7 12. g4 Ne6 13. Nce2 Bd6 14. Nxe6 Bxe6 15. Nf4 c5 16. dxc5 Bxc5 17. g5 Nd7 18. Nxd5 Nb6 19. Nxb6 Qxb6 20. f4 Bc4 21. Rf2 Rad8 22. Qc2 Ba6 23. Bd2 {Romanov,E (2616)-Naiditsch,A (2708) Warsaw 2012 0-1}) ({RR} 8... Na6 9. O-O c6 10. Qc2 Bf8 11. a3 h5 12. f3 c5 13. Kh1 Bd7 14. Bd2 Rc8 15. Rad1 cxd4 16. Nxd4 Nc5 17. Qb1 a5 18. b4 axb4 19. axb4 Ne6 20. Nce2 Rc4 21. Rc1 Nxd4 22. Nxd4 Qb6 23. Qb3 {Lysenko,M (2207)-Shuvalova,P (2484) Sochi 2021 0-1 (35)}) 9. O-O Na6 $5 {A curious concept.} (9... c6) 10. a3 $146 (10. h3 $5 c6 11. g4 h6 12. Ng3 Nc7 13. f4 g6 14. Qf3 b5 15. a3 a5 16. g5 Nh7 17. h4 hxg5 18. fxg5 Be6 19. Nce2 Qd7 20. Qf2 Bg7 21. Bd2 Bg4 22. Nf4 Ne6 $132 {1-0 Kohlweyer,B (2443)-Chuchelov,V (2539)/Belgium 2001/CBM 081 ext (55)}) ({RR} 10. h3 c6 11. g4 h6 12. Ng3 Nc7 13. f4 g6 14. Qf3 b5 15. a3 a5 16. g5 Nh7 17. h4 hxg5 18. fxg5 Be6 19. Nce2 Qd7 20. Qf2 Bg7 21. Bd2 Bg4 22. Nf4 Ne6 23. Nd3 f6 24. gxf6 Bxf6 {Kohlweyer,B (2443)-Chuchelov,V (2539) Belgium 2001 1-0 (55)}) ({RR} 10. Nf4 c6 11. f3 Nc7 12. g4 h6 13. h3 c5 14. Nd3 Ne6 15. Ne5 Qb6 16. f4 cxd4 17. Na4 Qc7 18. exd4 Bd7 19. Be3 Rac8 20. Nc3 Bc6 21. g5 Nd7 22. Nxd5 Qd6 23. Nc4 {½-½ (23) Lopez,J (2202)-Roser,K (2422) Cappelle la Grande 2014}) 10... c6 11. f3 (11. b3 $6 Bf5 (11... Nc7 12. Ra2 Bf5 13. f3 h6 14. Nf4 c5 $1 15. Nce2 b6 16. g4 Bh7 17. Ng3 Nb5 $36 {0-1 Lerner,K (2525)-Garcia Gonzales,G (2515)/Jurmala 1983/MCD (40)}) 12. Ra2 Qd7 13. f3 h5 14. Nf4 Bd6 15. Nxh5 Nxh5 16. g4 Bg6 17. gxh5 Bxh5 $17 {1/2 Panczyk,K (2365)-Volzhin,A (2530)/Wisla 1998/EXT 2000 (22)}) (11. h3 Nc7 12. g4 Bd6 13. f4 Bxg4 $6 (13... h6 $15) 14. hxg4 Nxg4 15. Rf3 Qh4 16. Bh3 Re6 17. Bxg4 Rg6 18. Rg3 Rxg4 19. Kg2 $14 {1-0 Tatai,S (2435)-Ivkov,B (2475)/Torremolinos 1983/MCD (60)}) (11. Nf4 Nc7 12. b4 a6 13. Ra2 (13. f3 $6 Nb5 $1 14. Nxb5 axb5 15. Bd2 Nd7 16. e4 dxe4 17. fxe4 Nf6 18. Bc3 Nxe4 $19 {1-0 Straeter,T (2345)-Ernst,S (2512)/Germany 2006/EXT 2007 (58)}) 13... Bf5 14. f3 Nb5 15. Nxb5 axb5 $15 {0-1 Maksimovic,S (2225)-Prudnikova,S (2405)/Belgrade 1995/EXT 1997 (48)}) 11... c5 $5 {A standard reaction to f2-f3.} 12. g4 h6 (12... Nc7 $5 13. b3 $6 (13. g5 $142 Nd7 14. f4 Nb6 15. dxc5 Bxc5 16. Qd3 Nc4 17. Nd4 $13) 13... a5 14. Ng3 h6 15. Ra2 b5 16. Kh1 c4 $17 {0-1 Moutousis,K (2475)-Mastrovasilis,A (2315)/Panormo 1998/CBM 067 ext (46)}) 13. h3 b6 14. Ng3 Bb7 15. f4 Rc8 $15 {Black has good development; White's attacking chances are slim.} 16. g5 hxg5 $1 (16... Ne4 17. Ncxe4 dxe4 18. gxh6 g6 (18... cxd4 19. exd4 gxh6 20. f5 $36) 19. h7+ $5 (19. f5 Bxh6) 19... Kxh7 20. f5 Bg7 $13) 17. fxg5 Ne4 $1 (17... cxd4 $2 18. exd4 Ne4 19. Ncxe4 dxe4 20. Rxf7 $1 Kxf7 21. g6+ $1 $18 {}) 18. Ncxe4 dxe4 19. Qg4 (19. Rxf7 {now doesn't work as the c1 bishop is not in the attack.}) 19... g6 20. Nxe4 (20. Bxe4 $5 Bd5 $5 $36) 20... Bxe4 21. Bxe4 cxd4 $1 {[%cal Ra6c5][%mdl 512]} 22. Bb7 {Obvious but probably wrong!} (22. Qf3 $142 $5 Qd7 (22... Qxg5+ 23. Kh1 Rxe4 $1 24. Qxe4 d3 $1 25. Qxd3 Nc5 $15) 23. b4 $15 {[%cal Yc1b2]} (23. Bd5 $143 Re7 24. exd4 Bg7 $17)) 22... Rc2 $1 23. Bxa6 (23. Qf4 Qd7 $1 24. Bxa6 dxe3 (24... Qxh3 $2 25. Qxf7+ Kh8 26. Rf2 Qg4+ 27. Kf1 Qd1+ $11) 25. Qg4 $5 {(recommended by IM Ivan Smikovsky)} (25. Bc4 Rxc4 26. Qxc4 e2 27. Re1 Qxh3 $19) {doesn't help due to} 25... Qd5 $1 26. Be2 (26. Qf3 Qxf3 27. Rxf3 e2 28. Be3 Bc5 $1 $19) 26... Bc5 $19 {[%cal Ye8e5,Ye5f5] White is nearly in zugzwang!}) 23... Qc7 $17 {Despite White's extra piece, Black is dominating the board.} 24. Qf4 Bd6 25. Qf3 (25. Qg4 $142 dxe3 26. Be2 Bg3 $1 $17 {I.Smikovsky} (26... Re5 $143 27. h4)) 25... Bc5 (25... dxe3 $1 26. Be2 Re5 27. h4 (27. Qg4 Rxe2 $1) 27... Rf5 28. Qa8+ Bf8 29. Rxf5 Rxe2 $1 30. Bxe3 gxf5 $19 {I.Smikovsky}) 26. Qf4 Bd6 27. Qf3 Bc5 $2 (27... dxe3) 28. Qf4 Qxf4 29. Rxf4 dxe3 30. Kf1 e2+ 31. Ke1 Rd8 32. Bxe2 Re8 33. Bd2 Rxd2 34. Kxd2 Be3+ 35. Kc2 Bxf4 36. Bc4 Bxg5 {Black finally has won a pawn but the opposite-coloured bishops eventually enable White to save the game.} 37. Rg1 Re5 38. h4 $1 Bxh4 39. Rxg6+ Kf8 40. Rd6 Re7 41. Bb5 Rc7+ 42. Rc6 Re7 43. Rd6 Re5 44. Bc4 Rf5 45. b4 Ke7 46. Rd5 Rf2+ 47. Rd2 Rf4 48. Bb5 Ke6 49. Re2+ Kf6 50. Rd2 Ke6 51. Re2+ Kf6 52. Rd2 Bf2 53. Rd7 a5 54. bxa5 bxa5 55. a4 Bc5 56. Rd5 Bb4 57. Kd3 Ke6 58. Rd4 Rf3+ 59. Ke2 Ra3 60. Bc4+ Ke5 61. Rd3 Rxd3 1/2-1/2